| 000 | 00551nam a2200205Ia 4500 | ||
|---|---|---|---|
| 005 | 20250923145742.0 | ||
| 008 | 008 250917s9999 xx 000 0 eng d | ||
| 037 | _aTextual | ||
| 040 |
_aDSWL _beng _cDSWL |
||
| 041 |
_aeng _2eng |
||
| 084 |
_aY11:45.2:g, N86 _qDSWL |
||
| 100 |
_aCoombes, J.W. _9838577 |
||
| 245 | 0 |
_aMaking of man _cby J.W. Coombes |
|
| 260 |
_aNew Delhi _bNew Delhi Carol _c1986 |
||
| 300 | _a354p. | ||
| 365 |
_aINR _b225 |
||
| 925 | _g225 | ||
| 942 |
_cTEXL _hY11:45.2:g, N86 |
||
| 999 |
_c1455242 _d1455242 |
||